Grace VanderWaal Discography - Statistics

General Stats
  • This quiz has been taken 28 times
  • The average score is 14 of 17
Answer Stats
Hint Answer % Correct
Perfectly Imperfect Clay
100%
Perfectly Imperfect I Don't Know My Name
100%
Perfectly Imperfect Beautiful Thing
86%
Just The Beginning City Song
86%
Perfectly Imperfect Light The Sky
86%
Just The Beginning So Much More Than This
86%
Just The Beginning Burned
81%
Perfectly Imperfect Gossip Girl
81%
Just The Beginning Insane Sometimes
81%
Just The Beginning Moonlight
81%
Just The Beginning Darkness Keeps Chasing Me
76%
Just The Beginning Just A Crush
76%
Just The Beginning Sick Of Being Told
76%
Just The Beginning Escape My Mind
71%
Just The Beginning Florets
67%
Just The Beginning Talk Good
67%
Just The Beginning A Better Life
52%
No matching quizzes found
Score Distribution
Percent of People with Each Score
Percentile by Number Answered
Your Score History
You have not taken this quiz